Music Quiz

Random Music or Kpop Quiz

Guess the kpop songs (male) Quiz Stats

 Plays Quiz not verified by Sporcle

Challenge
Share
Tweet
Score 0/35 Timer 10:00
0 Plays Today
Time Song % Correct
0:20-0:30I Need U
93%
0:50-1:00If you do
91.4%
0:30-0:40Wolf
90.7%
4:10-4:20Just Right
87.6%
3:40-3:50Bang Bang Bang
87.4%
4:00-4:10Dope
86.8%
0:40-0:50Mamacita
86.5%
3:50-4:00Call Me Baby
86.3%
4:40-4:50RUN
86.1%
4:30-4:40View
85.8%
1:10-1:20Bad
82.5%
1:30-1:40Chained up
78.3%
3:10-3:20Error
68.8%
1:00-1:10Dumb & Dumber
67.4%
2:30-2:40Eoeo
64.7%
3:00-3:10El Dorado
63.6%
1:20-1:30Married To The Music
63%
3:30-3:40Young, Wild & Free
62.9%
Time Song % Correct
2:00-2:10Trespass
59.6%
1:50-2:00Miss Right
58.7%
0:00-0:10Thriller
46.3%
2:10-2:20Power
43.6%
2:20-2:30Super fly
43.5%
2:50-3:00Might Just Die
38.9%
4:50-5:00Arario
35.5%
5:20-5:30Don't Tease Me
31.7%
5:00-5:10Yolo
30.4%
3:20-3:30Fire
26.2%
5:40-5:50Psycho
21%
5:10-5:20Too Very So Much
19.5%
1:40-1:50Delilah
17.4%
0:10-0:20Dress up
15.5%
2:40-2:50Justice
12.7%
4:20-4:30Where You At
11.4%
5:30-5:40Viva
3.3%

You're not logged in!

Compare scores with friends on all Sporcle quizzes.
OR
Log In

You Might Also Like...

Show Comments

Extras

Created Mar 5, 2016ReportNominate
Tags:Kpop Quiz, Kpop Quiz

Top Quizzes Today


Score Distribution

Your Account Isn't Verified!

In order to create a playlist on Sporcle, you need to verify the email address you used during registration. Go to your Sporcle Settings to finish the process.

Report this User

Report this user for behavior that violates our Community Guidelines.

Details: